000 00733nam a22002177a 4500
003 OSt
005 20220107122726.0
008 131206b xxu||||| |||| 00| 0 eng d
020 _a1420052810
040 _cIIITM-K
082 _a004.62 YAN/I
245 _aThe internet of things:
_bFrom RFID to the next-generation pervasive networked sysyems
_cedited by Lu Yan et.al
260 _aBoca Raton,
_bTaylor & Francis,
_c2008.
300 _axi, 318p.
440 _aWireless networks and mobile communications series
_92592
650 _aCOMMUNICATION ENGINEERING
_92593
650 _aWIRELESS COMMUNICATION SYSTEMS
_92594
650 _aRADIO FREQUENCY IDENTIFICATION SYSTEMS
_92595
700 _aYan, Lu et.al
_92596
942 _2ddc
_cBK
999 _c3430
_d3430